ՀՀ Գիտությունների ազգային ակադեմիայի հիմնարար գիտական գրադարան  =   Fundamental Scientific Library of NAS RA

Пушкин : (Record no. 222499)

MARC details
000 -LEADER
fixed length control field 00731nam a2200205 i 4500
001 - CONTROL NUMBER
control field 000634592
003 - CONTROL NUMBER IDENTIFIER
control field AM-YeHGA
005 - DATE AND TIME OF LATEST TRANSACTION
control field 20250618073312.0
008 - FIXED-LENGTH DATA ELEMENTS--GENERAL INFORMATION
fixed length control field 090220s1987 ||| r 000 0 rus d
040 ## - CATALOGING SOURCE
Original cataloging agency AM-YeHGA
041 0# - LANGUAGE CODE
Language code of text/sound track or separate title rus
090 ## - LOCALLY ASSIGNED LC-TYPE CALL NUMBER (OCLC); LOCAL CALL NUMBER (RLIN)
-- 224034
100 1# - MAIN ENTRY--PERSONAL NAME
Personal name Тынянов, Юрий Николаевич
Dates associated with a name 1894-1943
245 10 - TITLE STATEMENT
Title Пушкин :
Remainder of title Роман /
Statement of responsibility, etc. Юрий Тынянов.
260 ## - PUBLICATION, DISTRIBUTION, ETC.
Place of publication, distribution, etc. Москва :
Name of publisher, distributor, etc. Худож. лит.,
Date of publication, distribution, etc. 1987.
300 ## - PHYSICAL DESCRIPTION
Extent 544 с.
440 #0 - SERIES STATEMENT/ADDED ENTRY--TITLE
Title Классики и современники. Советская литература
600 14 - SUBJECT ADDED ENTRY--PERSONAL NAME
Personal name Пушкин, Александр Сергеевич
Dates associated with a name 1799-1837
9 (RLIN) 8888
653 0# - INDEX TERM--UNCONTROLLED
Uncontrolled term Писатели русские, 19 в. (х. л.)
Holdings
Withdrawn status Lost status Damaged status Not for loan Collection Home library Current library Date acquired Total checkouts Full call number Barcode Date last seen Price effective from Koha item type Public note
        General Fundamental Scientific Library Fundamental Scientific Library 29/12/2016   PII/571640 FL0105650 29/12/2016 29/12/2016 Գրքեր / Books 30 Days Loan
        General Fundamental Scientific Library Fundamental Scientific Library 29/12/2016   PII/574842 FL0100850 29/12/2016 29/12/2016 Գրքեր / Books 30 Days Loan
        General Fundamental Scientific Library Fundamental Scientific Library 29/12/2016   PII/575951 FL0097944 29/12/2016 29/12/2016 Գրքեր / Books 30 Days Loan


ՀՀ ԳԱԱ հիմնարար գիտական գրադարան
ՀՀ,Երևան 0019
Մարշալ Բաղրամյան 24/6
հեռախոս:(374-10) 52-47-50
Հետադարձ կապ

All site content, except where otherwise noted, is licensed under a
Creative Commons License